All African Premier League Players (2025/26) - Statistics

General Stats
  • This quiz has been taken 59 times
  • The average score is 12 of 17
Answer Stats
Nation Players % Correct
Egypt Mohamed Salah | Omar Marmoush
100%
Ivory Coast Simon Adingra | Amad Diallo | Emmanuel Agbadou | Evann Guessand | Ibrahim Sangare
88%
Cameroon Carlos Baleba | Bryan Mbeumo | Jackson Tchatchoua
85%
Senegal Habib Diarra | El Hadji Malick Diouf | Idrissa Gueye | Iliman Ndiaye | Ismaila Sarr | Pape Mata Sarr
85%
Nigeria Ola Aina | Tolu Arokodare | Taiwo Awoniyi | Calvin Bassey | Samuel Chukwueze | Alex Iwobi | Frank Onyeka | Christantus Uche
83%
Ghana Mohammed Kudus | Antoine Semenyo
81%
Algeria Rayan Aït-Nouri
79%
Burkina Faso Dango Ouattara | Bertrand Traoré
77%
DR Congo Noah Sadiki | Axel Tuanzebe | Aaron Wan-Bissaka | Yoane Wissa
77%
Morocco Amine Adli | Noussair Mazraoui | Chadi Riad | Chemsdine Talbi
71%
Gambia Yankuba Minteh
71%
Mozambique Reinildo Mandava
63%
Mali Yvess Bissouma
63%
Tunisia Hannibal Mejbri
50%
South Africa Lyle Foster
50%
Guinea-Bissau Beto
48%
Zimbabwe Tawanda Chirewa
8%
No matching quizzes found
Score Distribution
Percent of People with Each Score
Percentile by Number Answered
Your Score History
You have not taken this quiz